Papeles de Europa

Detalles Bibliográficos
Nuevo Título:Papeles del este
Autor Corporativo: Instituto Complutense de Estudios Internacionales
Formato: Desconocido
Lenguaje:español
inglés
francés
Publicado: Madrid, Spain : Instituto Complutense de Estudios Internacionales
Acceso en línea:Acceso restringido

MARC

LEADER 00000ny a22000003n 4500
005 20110516111057.0
008 100326c20099999sp fr p s 0 0spa c
022 0 |a 1989-5917 
035 |a 5164 
040 |a MnMULS  |d vLex 
041 0 |a spa  |a eng  |a fre 
050 1 4 |a HC241.2 
050 1 4 |a HC241.2 
090 |c 1934  |d 1934 
245 3 0 |a Papeles de Europa  |h [Recurso electrn̤ico] 
256 |a Servicio en ln̕ea 
260 |a Madrid, Spain :  |b Instituto Complutense de Estudios Internacionales 
310 |a Semestral 
506 1 |a Contenido solo disponible en los productos indicados  |d vLex Global  |d vLex Global (Academic Edition, excluding Law Schools)  |d vLex Global (U.S. Academic Edition, excluding Law Schools) 
546 |a Spanish, English or French 
710 2 |a Instituto Complutense de Estudios Internacionales 
740 |a vLex Revista (Servicios en ln̕ea) 
785 0 0 |t Papeles del este  |x 1576-6500 
843 |a Electrn̤ica. Abierta 
853 |8 1  |i (year)  |j (month)  |k (day) 
856 4 0 |z Acceso restringido  |u http://vlex.com/account/login_ip?fuente_id=5164 
942 |c REV 
999 0 |a Political science